Enciclopedia de la construcción

Saved in:
Bibliografiske detaljer
Main Authors: Anstett, F (Author), Robin, Pierre (Author)
Format: Bog
Sprog:spansk
Udgivet: Buenos Aires Arístides Quillet 1954
Fag:
Tags: Tilføj Tag
Ingen Tags, Vær først til at tagge denne postø!

MARC

LEADER 00000nam a2200000 a 4500
001 UCV9113
003 CL-VaPUC
008 920519e19540000AG |||||||||||||||||spa|d
082 0 4 |a 690  |b ANS  |2 21 
100 0 |a Anstett, F  |e author  |9 303112 
700 0 |a Robin, Pierre  |e author  |9 303113 
245 1 0 |a Enciclopedia de la construcción 
300 |a 4 v 
942 |c BK 
945 |d 19920519 00:00:00 
260 |a Buenos Aires  |b Arístides Quillet  |c 1954 
500 |a v.1: Exigencias funcionales. Exigencias estéticas. Especificaciones específicas. Urbanismo. Técnicas del arquitecto 
500 |a v.2: Técnicas del constructor 
500 |a v.3: Construcción 
500 |a v.4: Ingeniería civil 
650 0 |a Construcción  |9 260195 
650 0 |a Diccionarios  |9 256200 
650 0 |a Enciclopedias  |9 264135 
583 |a last modification  |c 19920519 00:00:00  |k Rodrigo Vera 
999 |c 214501  |d 214499 
952 |0 0  |1 0  |4 0  |6 690_000000000000000_ANS_1954  |7 0  |8 F  |9 197915  |a BIBARQ  |b BIBARQ  |d 2019-11-14  |h v.1  |i 2655446  |o 690 ANS 1954  |p 2655446  |r 2025-01-20  |w 2019-11-14  |y BK_F  |k ARQ 
952 |0 0  |1 0  |4 0  |6 690_000000000000000_ANS_1954  |7 0  |8 F  |9 197916  |a BIBARQ  |b BIBARQ  |d 2019-11-14  |h v.2  |i 2655454  |o 690 ANS 1954  |p 2655454  |r 2025-01-20  |w 2019-11-14  |y BK_F  |k ARQ 
952 |0 0  |1 0  |4 0  |6 690_000000000000000_ANS_1954  |7 0  |8 F  |9 197917  |a BIBARQ  |b BIBARQ  |d 2019-11-14  |h v.3  |i 2655462  |o 690 ANS 1954  |p 2655462  |r 2025-01-20  |w 2019-11-14  |y BK_F  |k ARQ 
952 |0 0  |1 0  |4 0  |6 690_000000000000000_ANS_1954  |7 0  |8 F  |9 197918  |a BIBARQ  |b BIBARQ  |d 2019-11-14  |h v.4  |i 2655470  |o 690 ANS 1954  |p 2655470  |r 2025-01-20  |w 2019-11-14  |y BK_F  |k ARQ 
952 |0 0  |1 0  |4 0  |6 690_000000000000000_ANS_1954  |7 0  |8 X  |9 197919  |a BIBING  |b BIBING  |d 2019-11-14  |h v.1  |i 170494K  |o 690 ANS 1954  |p 170494K  |r 2025-01-20  |w 2019-11-14  |y BK_X  |k CCL 
952 |0 0  |1 0  |4 0  |6 690_000000000000000_ANS_1954  |7 0  |8 X  |9 197920  |a BIBING  |b BIBING  |d 2019-11-14  |h v.1  |i 1704958  |o 690 ANS 1954  |p 1704958  |r 2025-01-20  |w 2019-11-14  |y BK_X  |k CCL 
952 |0 0  |1 0  |4 0  |6 690_000000000000000_ANS_1954  |7 0  |8 X  |9 197921  |a BIBING  |b BIBING  |d 2019-11-14  |h v.2  |i 1704966  |o 690 ANS 1954  |p 1704966  |r 2025-01-20  |w 2019-11-14  |y BK_X  |k CCL 
952 |0 0  |1 0  |4 0  |6 690_000000000000000_ANS_1954  |7 0  |8 X  |9 197922  |a BIBING  |b BIBING  |d 2019-11-14  |h v.2  |i 1704974  |o 690 ANS 1954  |p 1704974  |r 2025-01-20  |w 2019-11-14  |y BK_X  |k CCL 
952 |0 0  |1 0  |4 0  |6 690_000000000000000_ANS_1954  |7 0  |8 X  |9 197923  |a BIBING  |b BIBING  |d 2019-11-14  |h v.3  |i 1704982  |o 690 ANS 1954  |p 1704982  |r 2025-01-20  |w 2019-11-14  |y BK_X  |k CCL 
952 |0 0  |1 0  |4 0  |6 690_000000000000000_ANS_1954  |7 0  |8 X  |9 197924  |a BIBING  |b BIBING  |d 2019-11-14  |h v.3  |i 1704990  |o 690 ANS 1954  |p 1704990  |r 2025-01-20  |w 2019-11-14  |y BK_X  |k CCL 
952 |0 0  |1 0  |4 0  |6 690_000000000000000_ANS_1954  |7 0  |8 X  |9 197925  |a BIBING  |b BIBING  |d 2019-11-14  |h v.4  |i 1706004  |o 690 ANS 1954  |p 1706004  |r 2025-01-20  |w 2019-11-14  |y BK_X  |k CCL 
952 |0 0  |1 0  |4 0  |6 690_000000000000000_ANS_1954  |7 0  |8 X  |9 197926  |a BIBING  |b BIBING  |d 2019-11-14  |h v.4  |i 1706012  |o 690 ANS 1954  |p 1706012  |r 2025-01-20  |w 2019-11-14  |y BK_X  |k CCL